Svet eura - teória a prax

Strata nezávislej menovej politiky. Otázka fungovanie spoločnej menovej oblasti Situácia v stabilizácii, v hospodárskom raste. Nárast cenovej hladiny. Zníženie cenovej úrovne. Znehodnotenie úspor. Maatrichtské kritériá a Slovensko.

Guardado en:
Detalles Bibliográficos
Autor principal: Kiseľáková, Dana
Formato: Capítulo de libro
Lenguaje:eslovaco
Materias:
Etiquetas: Agregar Etiqueta
Sin Etiquetas, Sea el primero en etiquetar este registro!

MARC

LEADER 00000naa$a2200000$$$4500
001 0069201
005 20230908095402.6
041 0 |a slo 
044 |a SK 
245 1 0 |a Svet eura - teória a prax  |c Dana Kiseľáková 
520 |a Strata nezávislej menovej politiky. Otázka fungovanie spoločnej menovej oblasti Situácia v stabilizácii, v hospodárskom raste. Nárast cenovej hladiny. Zníženie cenovej úrovne. Znehodnotenie úspor. Maatrichtské kritériá a Slovensko. 
610 2 0 |a riziko 
610 2 0 |a euro 
610 2 0 |a politika menová 
610 2 0 |a dlhy verejné 
610 2 0 |a sadzby úrokové 
610 2 0 |a deficit 
610 2 0 |a hladina cenová 
610 2 0 |a úspory 
100 1 |a Kiseľáková, Dana